000 00498nam a2200193 a 4500
005 20260322212012.0
008 data
010 _a98-52537
020 _a0452280427
020 _a978-0-452-28042-7
092 _a155.9 W55 1999
100 1 _aWilson, Paul
245 1 0 _aCalm at work :
_bbreeze through your day feeling calm, relaxed and in control
_cPaul Wilson
260 _aNew York, N. Y.
_bPlume
_cc1999
300 _a334 p.
650 4 _aJob stress.
650 4 _aStress management.
001 data
999 _c256
_d256